000
00199 a2200097 4500
001
5792
100
_a
Rose,Wn
245
_a
Mathematics for engineers
260
_a
_b
Chapman
_c
090
_c
4763
_d
4763
942
_a
NUST-CAE
_c
M
_c
31115
999
_c
240865
_d
240865